Viral Hepatitics and Liver Disease (Record no. 4871)

MARC details
000 -LEADER
fixed length control field 00361nam a2200145Ia 4500
008 - FIXED-LENGTH DATA ELEMENTS--GENERAL INFORMATION
fixed length control field 230312s9999||||xx |||||||||||||| ||und||
020 ## - INTERNATIONAL STANDARD BOOK NUMBER
International Standard Book Number 0-8151-1217-x
082 ## - DEWEY DECIMAL CLASSIFICATION NUMBER
Classification number 616.3623
Item number ZUC-V
100 ## - MAIN ENTRY--PERSONAL NAME
Personal name Zuckerman;A,J
245 #0 - TITLE STATEMENT
Title Viral Hepatitics and Liver Disease
260 ## - PUBLICATION, DISTRIBUTION, ETC.
Name of publisher, distributor, etc. Alan
Place of publication, distribution, etc. New york
Date of publication, distribution, etc. 2003
300 ## - PHYSICAL DESCRIPTION
Extent 1136
650 ## - SUBJECT ADDED ENTRY--TOPICAL TERM
Topical term or geographic name entry element Medical
Form subdivision Pathology
942 ## - ADDED ENTRY ELEMENTS (KOHA)
Koha item type BOOK
Holdings
Withdrawn status Lost status Source of classification or shelving scheme Damaged status Not for loan Home library Current library Date acquired Total Checkouts Full call number Barcode Date last seen Price effective from Koha item type
    Dewey Decimal Classification     Superior Information Resource Center (SIRC) Superior University- Main Campus Superior Information Resource Center (SIRC) Superior University- Main Campus 03/13/2023   616.3623 ZUC-V 4898 03/13/2023 03/13/2023 BOOK

Powered by Koha